书目信息 |
| 题名: |
首都新农村社会综合治理研究
|
|
| 作者: | 梁景和 主编 | |
| 分册: | ||
| 出版信息: | 北京 首都师范大学出版社 2017 |
|
| 页数: | 356页 | |
| 开本: | 24cm | |
| 丛书名: | 首都新农村建设论丛 | |
| 单 册: | ||
| 中图分类: | D671 | |
| 科图分类: | ||
| 主题词: | 农村--社会管理--研究--北京市 | |
| 电子资源: | ||
| ISBN: | 978-7-5656-3912-8 | |
| 000 | 01062oam2 2200277 450 | |
| 001 | 012001004656 | |
| 005 | 20140928162350.0 | |
| 010 | @a978-7-5656-3912-8@dCNY50.00 | |
| 100 | @a20180412d2017 em y0chiy50 ea | |
| 101 | 0 | @achi |
| 102 | @aCN@b110000 | |
| 105 | @aa az 000yy | |
| 106 | @ar | |
| 200 | 1 | @a首都新农村社会综合治理研究@9shou du xin nong cun she hui zong he zhi li yan jiu@f梁景和主编 |
| 210 | @a北京@c首都师范大学出版社@d2017 | |
| 215 | @a356页@c图@d24cm | |
| 225 | 0 | @a首都新农村建设论丛@h第八辑 |
| 300 | @a首都师范大学“首都新农村社会与文化建设研究中心”主办 | |
| 320 | @a有书目 | |
| 330 | @a本书为“首都新农村建设论丛”第八辑,是首都新农村社会与文化建设研究中心以“首都新农村社会综合治理研究”为视角,围绕十个子课题开展的专题研究,本书以研究成果汇编成书,以期为加强和改善首都新农村社会治理等工作发挥参谋服务作用。 | |
| 461 | 0 | @12001 @a首都新农村建设论丛 |
| 606 | 0 | @a农村@x社会管理@x研究@y北京市 |
| 690 | @aD671@v5 | |
| 701 | 0 | @a梁景和@9liang jing he@4主编 |
| 801 | 0 | @aCN@b上海新华@c20180901 |
| 905 | @b1166685-9@dD671@e66@f5 | |
| 首都新农村社会综合治理研究/梁景和主编.-北京:首都师范大学出版社,2017 |
| 356页:图;24cm.-(首都新农村建设论丛.第八辑) |
| 首都师范大学“首都新农村社会与文化建设研究中心”主办 |
| ISBN 978-7-5656-3912-8:CNY50.00 |
| 本书为“首都新农村建设论丛”第八辑,是首都新农村社会与文化建设研究中心以“首都新农村社会综合治理研究”为视角,围绕十个子课题开展的专题研究,本书以研究成果汇编成书,以期为加强和改善首都新农村社会治理等工作发挥参谋服务作用。 |
| ● |
| 相关链接 |
|
|
|
|
正题名:首都新农村社会综合治理研究
索取号:D671/66
 
预约/预借
| 序号 | 登录号 | 条形码 | 馆藏地/架位号 | 状态 | 备注 |
| 1 | 1166685 | 211666856 | 第一样本阅览室/ [索取号:D671/66] | 在馆 | |
| 2 | 1166686 | 211666865 | 第一借阅区/ [索取号:D671/66] | 在馆 | |
| 3 | 1166687 | 211666874 | 史法系资料室/ [索取号:D671/66] | 在馆 | |
| 4 | 1166688 | 211666883 | 第一借阅区/ [索取号:D671/66] | 在馆 | |
| 5 | 1166689 | 211666892 | 第一借阅区/ [索取号:D671/66] | 在馆 |